00533nam a2200193Ia 450000500170000000800410001702000100005804000190006804100120008708200200009910000200011924500510013926000420019030000110023250400190024365000370026265100300029985000100032920230315111014.0131103s9999 xx 000 0 und d cRs.20 aLoreto College aEnglish a822.33bSHA-SEN aSen Gupta, S C  aShakespeare' s historical playscS C Sen Gupta aLondonbOxford University Pressc1964 a172p.  aIncludes index aShakespeare, William - Criticism aEnhlish drama - criticism aLCLIB